Statistics for Dancing Queen - ABBA lyrics

Click here to take the quiz!

General Stats

  • This quiz has been taken 2,501 times
    (2,481 since last reset)
  • The average score is 165 of 202

Answer Stats

Answer% Correct
dancing
99%
the
99%
a
99%
queen
99%
you
98%
and
94%
of
93%
dance
93%
can
92%
your
92%
time
91%
life
91%
that
91%
are
91%
on
91%
i
90%
having
90%
seventeen
89%
only
88%
young
88%
girl
88%
see
88%
watch
86%
be
86%
sweet
83%
go
82%
jive
81%
for
81%
to
81%
night
81%
scene
80%
music
79%
feel
78%
look
77%
low
77%
lights
76%
beat
76%
place
76%
in
74%
get
74%
friday
73%
looking
73%
digging
72%
when
71%
out
71%
chance
70%
tambourine
68%
from
66%
guy
66%
mood
65%
high
64%
could
61%
you're
60%
right
60%
is
60%
play
59%
anybody
59%
they
58%
where
57%
musics
55%
swing
54%
getting
51%
king
50%
do
49%
another
46%
come
45%
will
45%
anyone
45%
rock
44%
turn
44%
then
43%
everything
43%
them
43%
gone
43%
fine
42%
with
39%
bit
37%
teaser
35%
leave
35%
burning
33%
em
31%

Score Distribution

Percentile by Number Answered

Percent of People with Each Score

Your Score History

You have not taken this quiz since the last reset